[Event "AUTO-INT-2772"]
[Site "http://www.queenalice.com/game.php?id=1238739"]
[Date "2013.12.9"]
[Round "1"]
[White "phystutordotcom"]
[Black "Dandi"]
[Result "1-0"]
[WhiteElo "2307"]
[BlackElo "1407"]

1. Nf3 d6 2. g3 e5 3. d3 Bd7 4. Bg2 Nf6 5. e4 c5 6. O-O Bg4 7. h3 Bxf3 8. Qxf3
Nc6 9. c3 Be7 10. Na3 Qd7 11. Nc4 d5 12. exd5 Nd8 13. Nxe5 Qd6 14. Nc4 Qc7 15.
Bf4 1-0

[Event "AUTO-INT-2772"]
[Site "http://www.queenalice.com/game.php?id=1238740"]
[Date "2013.12.9"]
[Round "1"]
[White "Dandi"]
[Black "phystutordotcom"]
[Result "0-1"]
[WhiteElo "1405"]
[BlackElo "2308"]

1. d4 d6 2. e4 Nf6 3. Be2 e5 4. c3 Nxe4 5. Be3 exd4 6. Qxd4 d5 7. Nf3 Nc6 8. Qa4
Bd7 9. Qb5 Nb4 10. Qxb7 Rb8 11. Qxa7 Nc2+ 12. Kd1 Nxa1 13. Rf1 Rxb2 14. Kc1 Rxe2
0-1

[Event "AUTO-INT-2772"]
[Site "http://www.queenalice.com/game.php?id=1238755"]
[Date "2013.12.9"]
[Round "1"]
[White "BartolomeuDias"]
[Black "Dandi"]
[Result "1-0"]
[WhiteElo "2501"]
[BlackElo "1409"]

1. d4 d5 2. Nf3 e6 3. c4 Bb4+ 4. Bd2 Bd6 5. Nc3 Ne7 6. c5 Bxc5 7. dxc5 Nf5 8. e4
Ne7 9. Bd3 Nbc6 10. exd5 Nxd5 11. O-O Ncb4 12. Bb5+ c6 13. Bc4 Nf6 14. Qa4 a5
15. Bg5 Nd3 16. Rfd1 O-O 17. Bxd3 e5 18. Bxh7+ Kxh7 19. Qh4+ Kg8 20. Rxd8 Rxd8
21. Bxf6 Re8 22. Qg5 g6 23. Qh6 Re6 24. Qg7# 1-0

[Event "AUTO-INT-2772"]
[Site "http://www.queenalice.com/game.php?id=1238756"]
[Date "2013.12.9"]
[Round "1"]
[White "Dandi"]
[Black "BartolomeuDias"]
[Result "0-1"]
[WhiteElo "1413"]
[BlackElo "2452"]

1. d4 d5 2. Nc3 Nf6 3. Nf3 e6 4. e3 a6 5. Bd3 c5 6. Ne5 Bd6 7. Nxf7 Kxf7 8. e4
cxd4 9. Na4 dxe4 10. Bc4 b5 11. Qxd4 Bb4+ 12. c3 Qxd4 13. cxb4 bxa4 14. O-O Qxc4
15. Re1 Qxb4 16. Re3 Rd8 17. b3 Rd1+ 18. Re1 Qxe1# 0-1

[Event "AUTO-INT-2772"]
[Site "http://www.queenalice.com/game.php?id=1238767"]
[Date "2013.12.9"]
[Round "1"]
[White "Dandi"]
[Black "kre"]
[Result "0-1"]
[WhiteElo "1459"]
[BlackElo "1734"]

1. d4 e5 2. dxe5 Nc6 3. Nf3 d5 4. b3 g6 5. Bg5 Nge7 6. e3 Bg7 7. Bd3 Nxe5 8. Nd4
O-O 9. O-O f6 10. Ne6 Bxe6 11. c4 fxg5 12. Bc2 Nf3+ 13. gxf3 Bxa1 14. Bd3 c6 15.
Nd2 Bg7 16. f4 Bh3 17. Re1 gxf4 18. exf4 Rxf4 19. Re3 Qd7 20. cxd5 Nxd5 21. Rxh3
Qxh3 22. Ne4 Rg4+ 23. Kh1 Qg2# 0-1

[Event "AUTO-INT-2772"]
[Site "http://www.queenalice.com/game.php?id=1238768"]
[Date "2013.12.9"]
[Round "1"]
[White "kre"]
[Black "Dandi"]
[Result "0-1"]
[WhiteElo "1718"]
[BlackElo "1454"]

1. e4 e5 2. d3 Nc6 3. Nf3 Be7 4. Be2 d6 5. Nc3 Be6 6. h4 Nf6 7. Bg5 Bg4 8. Nh2
h6 9. Bxf6 Nd4 10. Bxg4 Bxf6 11. O-O c6 12. Nf3 Nxf3+ 13. Qxf3 Qb6 14. b3 Bxh4
15. Qh3 g5 16. Bd7+ Kf8 17. g3 Rg8 18. gxh4 gxh4+ 19. Bg4 h5 20. Kh2 Qd8 21.
Bxh5 Qf6 22. Ne2 Rg5 23. Bf3 Ke7 24. Qxh4 Rh8 0-1

[Event "AUTO-INT-2821"]
[Site "http://www.queenalice.com/game.php?id=1264628"]
[Date "2014.3.13"]
[Round "1"]
[White "thigo"]
[Black "Dandi"]
[Result "1-0"]
[WhiteElo "1649"]
[BlackElo "1502"]

1. e4 e5 2. Bc4 Qf6 3. Nf3 d6 4. d3 Ne7 5. Ng5 g6 6. Nxf7 Rg8 7. Bg5 Qg7 8. Qf3
Nec6 9. Nc3 Nd4 10. Qd1 Nd7 11. O-O b6 12. Bd5 Rb8 13. f4 Bb7 14. Nh6 Rh8 15.
Bf7+ Qxf7 16. Nxf7 Kxf7 17. fxe5+ Kg7 18. Qg4 Nxe5 19. Qf4 Nd7 20. Qf7# 1-0

[Event "AUTO-INT-2821"]
[Site "http://www.queenalice.com/game.php?id=1264629"]
[Date "2014.3.13"]
[Round "1"]
[White "Dandi"]
[Black "thigo"]
[Result "1-0"]
[WhiteElo "1481"]
[BlackElo "1606"]

1. e4 e6 2. d4 d5 3. f3 Nc6 4. c3 dxe4 5. fxe4 Nf6 6. Nd2 Be7 7. Ngf3 O-O 8. Nc4
Nxe4 9. Be3 a6 10. Bd3 b5 11. Nfe5 Nxe5 12. Nxe5 Bb7 13. Qf3 Nd6 14. Qh3 a5 15.
Qxh7# 1-0

[Event "AUTO-INT-2821"]
[Site "http://www.queenalice.com/game.php?id=1264646"]
[Date "2014.3.13"]
[Round "1"]
[White "Dandi"]
[Black "Dalri_Ultreya"]
[Result "1-0"]
[WhiteElo "1460"]
[BlackElo "1692"]

1. e4 e5 2. Nf3 Nc6 3. c3 Nf6 4. g3 Nxe4 5. Qe2 d5 6. Bg2 Bf5 7. d3 Nf6 8. b4 d4
9. Nxe5 Nxe5 10. O-O Ng4 11. Qxe5+ Nxe5 12. Re1 Qd6 13. Bb2 Be7 14. cxd4 Nxd3
15. Re2 Qxb4 16. Bc3 Qb6 17. Bd2 c6 18. Be3 O-O 19. Nd2 Qb2 20. Rd1 Qxa2 21. f3
b6 22. Bf1 h6 23. Rc1 Nxc1 24. Rf2 Bd3 25. Ne4 Qb1 26. Nc3 Qb4 27. Bxc1 Qxc3 28.
Bd2 1-0

[Event "AUTO-INT-2821"]
[Site "http://www.queenalice.com/game.php?id=1264647"]
[Date "2014.3.13"]
[Round "1"]
[White "Dalri_Ultreya"]
[Black "Dandi"]
[Result "1-0"]
[WhiteElo "1712"]
[BlackElo "1471"]

1. d4 e6 2. Bf4 d5 3. e3 Nf6 4. Nf3 Bd6 5. Bg5 e5 6. dxe5 Be7 7. Nc3 Nbd7 8.
exf6 gxf6 9. Bh4 Nc5 10. Nxd5 Bd6 11. Nxf6+ Kf8 12. Nxh7+ Ke8 13. Bxd8 Rxh7 14.
Bg5 Be6 15. Be2 Ne4 16. O-O Rg7 17. Qd4 Rg8 18. Qa4+ c6 19. Qxe4 Rh8 20. Bc4 Kf8
21. Bxe6 Re8 22. Qf5 Be7 23. Qxf7# 1-0

[Event "AUTO-INT-2821"]
[Site "http://www.queenalice.com/game.php?id=1264648"]
[Date "2014.3.13"]
[Round "1"]
[White "Dandi"]
[Black "ajr"]
[Result "1-0"]
[WhiteElo "1485"]
[BlackElo "1660"]

1. e4 e6 2. d4 h6 3. Bd2 a5 4. Be2 Bb4 5. c3 Be7 6. Nf3 b6 7. Ne5 d6 8. Nc4 Bg5
9. f4 Be7 10. g3 Nf6 11. f5 Nxe4 12. Bf3 Nxd2 13. Qxd2 Bg5 14. Qd1 c6 15. Qb3 b5
16. Nbd2 bxc4 17. Nxc4 Nd7 18. Nxd6+ 1-0

[Event "AUTO-INT-2821"]
[Site "http://www.queenalice.com/game.php?id=1264649"]
[Date "2014.3.13"]
[Round "1"]
[White "ajr"]
[Black "Dandi"]
[Result "1-0"]
[WhiteElo "1730"]
[BlackElo "1465"]

1. d4 d5 2. Nc3 Bf5 3. h3 Nf6 4. Bg5 Nc6 5. Bxf6 gxf6 6. e3 Nb4 7. Bb5+ c6 8.
Ba4 b5 9. a3 Na6 10. Nxb5 Rg8 11. g4 Bd7 12. Qd3 Qc8 13. Nc3 Qb8 14. b4 Rg7 15.
Qxa6 Bc8 16. Qxc6+ Bd7 17. Qxd7# 1-0

[Event "AUTO-INT-2834"]
[Site "http://www.queenalice.com/game.php?id=1270732"]
[Date "2014.4.6"]
[Round "1"]
[White "marcomasao"]
[Black "Dandi"]
[Result "1-0"]
[WhiteElo "1737"]
[BlackElo "1492"]

1. e4 e5 2. Bc4 Qf6 3. Nc3 Bc5 4. Nf3 Nc6 5. d3 Qg6 6. Ng5 d6 7. Bxf7+ Kf8 8.
Bxg6 Bd7 9. Qf3+ Ke7 10. Qf7+ Kd8 11. Qf8+ Be8 12. Qxe8# 1-0

[Event "AUTO-INT-2834"]
[Site "http://www.queenalice.com/game.php?id=1270733"]
[Date "2014.4.6"]
[Round "1"]
[White "Dandi"]
[Black "marcomasao"]
[Result "0-1"]
[WhiteElo "1486"]
[BlackElo "1723"]

1. d4 d5 2. e3 Nf6 3. Nf3 Nc6 4. Bd3 Bd7 5. c4 e6 6. cxd5 exd5 7. Nc3 g6 8. Ng5
Bg7 9. Nxf7 Kxf7 10. O-O Qe7 11. Nb5 Rac8 0-1

[Event "AUTO-INT-2834"]
[Site "http://www.queenalice.com/game.php?id=1270750"]
[Date "2014.4.6"]
[Round "1"]
[White "Dandi"]
[Black "Tromat"]
[Result "0-1"]
[WhiteElo "1475"]
[BlackElo "1786"]

1. d4 d5 2. Nc3 Nf6 3. e3 Bf5 4. Bd2 e6 5. Nf3 Bd6 6. Ng5 h6 7. Nxf7 Kxf7 8. Be2
Nc6 9. f3 Rf8 10. O-O Kg8 11. f4 a6 12. Bf3 g5 13. Qe2 g4 0-1

[Event "AUTO-INT-2834"]
[Site "http://www.queenalice.com/game.php?id=1270751"]
[Date "2014.4.6"]
[Round "1"]
[White "Tromat"]
[Black "Dandi"]
[Result "1-0"]
[WhiteElo "1782"]
[BlackElo "1479"]

1. e4 e5 2. Nf3 d6 3. Bc4 Qd7 4. Ng5 h6 5. Nxf7 Rh7 6. Nxe5 dxe5 7. Bxg8 Rh8 8.
Qh5+ Kd8 9. Bb3 Be7 10. Qxe5 Bf6 11. Qg3 Re8 12. d3 Nc6 13. Nc3 Nd4 14. Be3 b6
15. Nd5 1-0

[Event "AUTO-INT-2834"]
[Site "http://www.queenalice.com/game.php?id=1270752"]
[Date "2014.4.6"]
[Round "1"]
[White "Dandi"]
[Black "Rijo"]
[Result "0-1"]
[WhiteElo "1491"]
[BlackElo "1698"]

1. Nf3 Nc6 2. e4 e5 3. d3 Qe7 4. Bg5 f6 5. Be3 d6 6. Nc3 Be6 7. Be2 O-O-O 8. d4
exd4 9. Bxd4 d5 10. Nxd5 Bxd5 11. exd5 Nxd4 12. Nxd4 Rxd5 13. O-O Qb4 14. c3
Qxb2 15. Rc1 Bc5 16. Bf3 Rg5 17. Rc2 Qb6 18. Qe1 Ne7 19. Ne6 Re5 20. Be4 Qxe6
21. Qd1 Rxe4 22. Rd2 Bxf2+ 23. Rfxf2 Re1+ 24. Qxe1 Qxe1+ 25. Rf1 Qxd2 26. g3
Qxa2 27. Re1 Rd8 28. h4 Rd2 29. Kf1 Rh2 0-1

[Event "AUTO-INT-2834"]
[Site "http://www.queenalice.com/game.php?id=1270753"]
[Date "2014.4.6"]
[Round "1"]
[White "Rijo"]
[Black "Dandi"]
[Result "1-0"]
[WhiteElo "1692"]
[BlackElo "1483"]

1. e4 Nc6 2. d4 e5 3. Nf3 exd4 4. Nxd4 Qf6 5. Nxc6 Qxc6 6. Bd3 d5 7. Qe2 Be6 8.
Nc3 Be7 9. Bb5 Bd7 10. Bxc6 Bxc6 11. exd5 Bd7 12. Bf4 Nf6 13. d6 cxd6 14. Bxd6
Be6 15. Qb5+ Bd7 16. Qxb7 Rd8 17. Bxe7 Kxe7 18. Qxa7 g5 19. O-O h5 20. Qb6 Rh6
21. Rfe1+ Kf8 22. Qxd8+ Kg7 23. Ne4 Nd5 24. Qxd7 Nb6 25. Qd4+ Kf8 26. Nxg5 Nc8
27. Qc5+ Kg8 28. Qxc8+ Kg7 29. Qe8 Kf6 30. Nxf7 h4 31. Nxh6 1-0

[Event "AUTO-OPEN-3257"]
[Site "http://www.queenalice.com/game.php?id=1283251"]
[Date "2014.5.21"]
[Round "1"]
[White "Dandi"]
[Black "jalapeno"]
[Result "0-1"]
[WhiteElo "1493"]
[BlackElo "2130"]

1. e4 e6 2. Nf3 d5 3. exd5 exd5 4. Qe2+ Be7 5. d3 Nf6 6. Bg5 O-O 7. Ne5 h6 8.
Bxf6 Bxf6 9. Ng4 Bxb2 10. Qf3 Bxa1 11. Be2 Nc6 12. O-O Nd4 13. Qe3 Re8 14. Qc1
Nxe2+ 15. Kh1 Nxc1 16. Rxc1 Bxg4 17. Nd2 Qe7 18. Rxa1 Qe1+ 19. Rxe1 Rxe1+ 20.
Nf1 Rxf1# 0-1

[Event "AUTO-OPEN-3257"]
[Site "http://www.queenalice.com/game.php?id=1283253"]
[Date "2014.5.21"]
[Round "1"]
[White "Dandi"]
[Black "sccp1910"]
[Result "0-1"]
[WhiteElo "1475"]
[BlackElo "1762"]

1. e4 e5 2. Nf3 b6 3. b3 Nf6 4. d3 Bc5 5. Qe2 Ng4 6. Nxe5 Bxf2+ 7. Kd1 Bd4 8.
Qxg4 Bxa1 9. c3 Qf6 10. Bf4 O-O 11. d4 d6 12. Nd3 Bxg4+ 13. Be2 Bxe2+ 14. Kxe2
c5 15. Rf1 cxd4 16. Bg3 Qe6 17. Kf3 dxc3 18. Na3 Nc6 19. Nf4 Nd4+ 20. Ke3 Bb2
21. Nb1 c2 22. Nd2 Nf5+ 23. Kf3 Qh6 24. exf5 g6 25. Nd3 Qxd2 0-1

[Event "AUTO-OPEN-3257"]
[Site "http://www.queenalice.com/game.php?id=1283254"]
[Date "2014.5.21"]
[Round "1"]
[White "sccp1910"]
[Black "Dandi"]
[Result "1-0"]
[WhiteElo "1621"]
[BlackElo "1508"]

1. e4 e5 2. Nf3 Nf6 3. Bc4 Qe7 4. b3 d6 5. d3 Ng4 6. h3 Nxf2 7. Kxf2 Qf6 8. Nc3
c6 9. Rf1 b5 10. Nd5 Qd8 11. Ng5 bxc4 12. Qf3 f6 13. Kg1 fxg5 14. Qf7# 1-0

[Event "AUTO-OPEN-3257"]
[Site "http://www.queenalice.com/game.php?id=1283255"]
[Date "2014.5.21"]
[Round "1"]
[White "Dandi"]
[Black "rpalmero"]
[Result "0-1"]
[WhiteElo "1497"]
[BlackElo "1986"]

1. e4 c5 2. Nf3 e6 3. d4 cxd4 4. Nxd4 Nc6 5. f3 a6 6. c3 Qc7 7. Be3 Nf6 8. Bc4
Ne5 9. Be2 b6 10. Bf4 Nxf3+ 11. Bxf3 e5 12. Bxe5 Qxe5 13. O-O Bc5 0-1

[Event "AUTO-OPEN-3257"]
[Site "http://www.queenalice.com/game.php?id=1283256"]
[Date "2014.5.21"]
[Round "1"]
[White "rpalmero"]
[Black "Dandi"]
[Result "1-0"]
[WhiteElo "1988"]
[BlackElo "1495"]

1. c4 e6 2. e3 Nf6 3. Nc3 Bc5 4. Qc2 d5 5. cxd5 exd5 6. a3 O-O 7. b4 Ne4 8. Nxe4
b6 9. bxc5 Bf5 10. cxb6 axb6 11. d3 dxe4 12. dxe4 Be6 13. Bb2 Qg5 14. Nf3 Qa5+
15. Bc3 1-0